| 000 | 00425nam a22001697a 4500 | ||
|---|---|---|---|
| 999 |
_c7831 _d7829 |
||
| 005 | 20210904142704.0 | ||
| 008 | 210823b ||||| |||| 00| 0 eng d | ||
| 020 | _a0406939160 | ||
| 041 | _aeng | ||
| 082 | _a070.520 | ||
| 100 |
_aOWEN, LYNETTE _96559 |
||
| 245 | _aCLARKS PUBLISHING AGREEMENTS: A BOOK OF PRECEDENTS | ||
| 260 |
_aLEXIS NEXIS _bBUTTER WORTHS _c2002 |
||
| 300 | _a615;p | ||
| 650 |
_aLAW _95701 |
||
| 942 | _cBK | ||